[Event "European Online Club-ch-E 2021"]
[Site "Online"]
[Date "2021.03.27"]
[Round "5.12"]
[White "Safarli, Eltaj"]
[Black "Cederstam Barsk, Carl"]
[Result "1-0"]
[WhiteElo "2598"]
[BlackElo "2366"]
[Annotator "ChessBase"]
[PlyCount "83"]
[EventDate "2021.03.27"]
[EventType "team-tourn"]
[EventCountry "NET"]
[SourceTitle "playchess.com"]
[Source "ChessBase"]
[SourceQuality "1"]
[TimeControl "900+5"]

1. e4 {[%emt 0:00:00]} e5 {[%emt 0:00:15]} 2. Nf3 {[%emt 0:00:06]} Nc6 {[%emt 0:00:05]} 3. Bb5 {[%emt 0:00:04]} a6 {[%emt 0:00:04]} 4. Ba4 {[%emt 0:00:02]} Nf6 {[%emt 0:01:01]} 5. Nc3 {[%emt 0:00:02]} b5 {[%emt 0:00:32]} 6. Bb3 {[%emt 0:00:02]} Bc5 {[%emt 0:00:22]} 7. a4 {[%emt 0:00:24]} Rb8 {[%emt 0:00:30]} 8. axb5 {[%emt 0:00:02]} axb5 {[%emt 0:00:01]} 9. d3 {[%emt 0:00:01]} O-O {[%emt 0:00:26]} 10. O-O {[%emt 0:00:10]} h6 {[%emt 0:00:45]} 11. Nd5 {[%emt 0:03:00]} d6 {[%emt 0:00:46]} 12. h3 {[%emt 0:00:03]} Nxd5 {[%emt 0:00:24]} 13. Bxd5 {[%emt 0:00:15]} Ne7 {[%emt 0:00:04]} 14. Bb3 {[%emt 0:00:02]} Ng6 {[%emt 0:01:18]} 15. c3 {[%emt 0:00:19]} Bb6 {[%emt 0:00:41]} 16. Be3 {[%emt 0:00:31]} Qf6 {[%emt 0:00:56]} 17. Re1 {[%emt 0:00:49]} Nf4 {[%emt 0:00:55]} 18. d4 {[%emt 0:00:28]} Kh8 {[%emt 0:01:14]} 19. Bxf4 {[%emt 0:04:21]} Qxf4 {[%emt 0:00:05]} 20. Qd3 {[%emt 0:00:01]} Qf6 {[%emt 0:01:09]} 21. Rad1 {[%emt 0:01:10]} Rg8 {[%emt 0:00:06]} 22. Nh2 {[%emt 0:00:46]} b4 {[%emt 0:02:09]} 23. Re3 {[%emt 0:00:15]} Be6 {[%emt 0:01:06]} 24. Rf3 {[%emt 0:00:25]} Qe7 {[%emt 0:00:02]} 25. Bxe6 {[%emt 0:00:05]} Qxe6 {[%emt 0:00:41]} 26. Ng4 {[%emt 0:00:05]} bxc3 {[%emt 0:00:07]} 27. bxc3 {[%emt 0:00:02]} exd4 {[%emt 0:00:14]} 28. cxd4 {[%emt 0:00:03]} Rbe8 {[%emt 0:00:06]} 29. Re1 {[%emt 0:01:07]} Rgf8 {[%emt 0:00:04]} 30. Ree3 {[%emt 0:01:29]} Qg6 {[%emt 0:00:33]} 31. Rf5 {[%emt 0:00:10]} Re6 {[%emt 0:00:29]} 32. Rg3 {[%emt 0:00:09]} Qh7 {[%emt 0:00:08]} 33. d5 {[%emt 0:00:03]} Re7 {[%emt 0:00:07]} 34. h4 {[%emt 0:00:46]} Ra8 {[%emt 0:00:05]} 35. h5 {[%emt 0:00:05]} Ra1+ {[%emt 0:00:03]} 36. Kh2 {[%emt 0:00:01]} f6 {[%emt 0:00:09]} 37. Qc3 {[%emt 0:00:12]} Ra4 {[%emt 0:00:14]} 38. Nxf6 {[%emt 0:00:06]} Bd4 {[%emt 0:00:09]} 39. Nxh7 {[%emt 0:00:08]} Bxc3 {[%emt 0:00:01]} 40. Nf8 {[%emt 0:00:05]} Rexe4 {[%emt 0:00:09]} 41. Ng6+ {[%emt 0:00:02]} Kh7 {[%emt 0:00:02]} 42. Rxc3 {[%emt 0:00:08]} 1-0

[Event "European Online Club-ch-E 2021"]
[Site "Online"]
[Date "2021.03.27"]
[Round "5.13"]
[White "Sirosh, Ilja"]
[Black "Ozturk Orenli, Kubra"]
[Result "1/2-1/2"]
[WhiteElo "2400"]
[BlackElo "2330"]
[Annotator "NA"]
[PlyCount "75"]
[EventDate "2021.03.27"]
[EventType "team-tourn"]
[EventCountry "NET"]
[SourceTitle "playchess.com"]
[Source "ChessBase"]
[SourceQuality "1"]
[TimeControl "900+5"]

1. e4 {[%emt 0:00:00]} e5 {[%emt 0:00:05]} 2. Nf3 {[%emt 0:00:03]} Nf6 {[%emt 0:00:07]} 3. Nxe5 {[%emt 0:00:09]} d6 {[%emt 0:00:02]} 4. Nf3 {[%emt 0:00:02]} Nxe4 {[%emt 0:00:02]} 5. d3 {[%emt 0:00:34]} Nf6 {[%emt 0:00:03]} 6. d4 {[%emt 0:00:02]} d5 {[%emt 0:00:02]} 7. Bd3 {[%emt 0:00:02]} Bd6 {[%emt 0:00:12]} 8. Qe2+ {[%emt 0:00:03]} Qe7 {[%emt 0:00:06]} 9. Qxe7+ {[%emt 0:00:04]} Bxe7 {[%emt 0:00:05]} 10. Bf4 {[%emt 0:00:36]} c6 {[%emt 0:00:11]} 11. O-O {[%emt 0:00:06]} O-O {[%emt 0:00:05]} 12. Re1 {[%emt 0:00:07]} Re8 {[%emt 0:00:09]} 13. Nbd2 {[%emt 0:00:20]} h6 {[%emt 0:00:15]} 14. h3 {[%emt 0:01:08]} Be6 {[%emt 0:00:20]} 15. a4 {[%emt 0:01:02]} a5 {[%emt 0:00:20]} 16. Nb3 {[%emt 0:01:04]} Nbd7 {[%emt 0:00:14]} 17. Re2 {[%emt 0:00:54]} g5 {[%emt 0:01:10]} 18. Bh2 {[%emt 0:00:09]} b6 {[%emt 0:00:31]} 19. Ne5 {[%emt 0:00:49]} Nxe5 {[%emt 0:00:42]} 20. dxe5 {[%emt 0:00:52]} Nd7 {[%emt 0:02:00]} 21. Nd4 {[%emt 0:00:07]} c5 {[%emt 0:00:14]} 22. Nxe6 {[%emt 0:00:21]} fxe6 {[%emt 0:00:02]} 23. c4 {[%emt 0:00:38]} d4 {[%emt 0:00:03]} 24. Rf1 {[%emt 0:01:02]} Rf8 {[%emt 0:00:28]} 25. f3 {[%emt 0:01:51]} Kg7 {[%emt 0:00:07]} 26. g3 {[%emt 0:00:39]} Rae8 {[%emt 0:02:29]} 27. f4 {[%emt 0:00:23]} Bd8 {[%emt 0:00:11]} 28. Kg2 {[%emt 0:01:39]} Bc7 {[%emt 0:00:24]} 29. h4 {[%emt 0:00:56]} Re7 {[%emt 0:00:35]} 30. hxg5 {[%emt 0:00:16]} hxg5 {[%emt 0:00:03]} 31. g4 {[%emt 0:00:14]} gxf4 {[%emt 0:00:48]} 32. Rxf4 {[%emt 0:00:02]} Ref7 {[%emt 0:00:20]} 33. Rxf7+ {[%emt 0:00:04]} Rxf7 {[%emt 0:00:03]} 34. Bg3 {[%emt 0:00:12]} Nf8 {[%emt 0:00:07]} 35. Bh4 {[%emt 0:00:34]} Nd7 {[%emt 0:00:03]} 36. Bg3 {[%emt 0:00:15]} Nf8 {[%emt 0:00:01]} 37. Bh4 {[%emt 0:00:16]} Nd7 {[%emt 0:00:02]} 38. Bg3 {[%emt 0:00:03]} 1/2-1/2

[Event "European Online Club-ch-E 2021"]
[Site "Online"]
[Date "2021.03.27"]
[Round "5.14"]
[White "Caglar, Sila"]
[Black "Chukavin, Kirill"]
[Result "1/2-1/2"]
[WhiteElo "2250"]
[BlackElo "2384"]
[Annotator "NA"]
[PlyCount "165"]
[EventDate "2021.03.27"]
[EventType "team-tourn"]
[EventCountry "NET"]
[SourceTitle "playchess.com"]
[Source "ChessBase"]
[SourceQuality "1"]
[TimeControl "900+5"]

1. e4 {[%emt 0:00:00]} c6 {[%emt 0:00:03]} 2. d4 {[%emt 0:00:04]} d5 {[%emt 0:00:01]} 3. exd5 {[%emt 0:00:02]} cxd5 {[%emt 0:00:02]} 4. c4 {[%emt 0:00:02]} Nf6 {[%emt 0:00:02]} 5. Nc3 {[%emt 0:00:03]} e6 {[%emt 0:00:01]} 6. a3 {[%emt 0:00:31]} Nc6 {[%emt 0:00:39]} 7. Nf3 {[%emt 0:00:09]} Be7 {[%emt 0:00:42]} 8. Bd3 {[%emt 0:01:12]} dxc4 {[%emt 0:00:18]} 9. Bxc4 {[%emt 0:00:06]} O-O {[%emt 0:00:01]} 10. O-O {[%emt 0:00:03]} b6 {[%emt 0:00:15]} 11. Re1 {[%emt 0:03:17]} Bb7 {[%emt 0:00:16]} 12. Bg5 {[%emt 0:01:04]} Rc8 {[%emt 0:00:13]} 13. Ba2 {[%emt 0:00:38]} h6 {[%emt 0:00:08]} 14. Bf4 {[%emt 0:01:53]} Na5 {[%emt 0:04:11]} 15. Qd3 {[%emt 0:01:18]} Re8 {[%emt 0:02:13]} 16. Ne5 {[%emt 0:00:27]} Nd5 {[%emt 0:04:19]} 17. Nxd5 {[%emt 0:01:58]} Bxd5 {[%emt 0:00:09]} 18. Bb1 {[%emt 0:00:38]} f5 {[%emt 0:00:04]} 19. Qg3 {[%emt 0:01:20]} Bh4 {[%emt 0:01:06]} 20. Qg6 {[%emt 0:00:27]} Qf6 {[%emt 0:00:02]} 21. Ba2 {[%emt 0:00:15]} Bxa2 {[%emt 0:00:15]} 22. Rxa2 {[%emt 0:00:04]} Qxg6 {[%emt 0:00:01]} 23. Nxg6 {[%emt 0:00:04]} Bf6 {[%emt 0:00:04]} 24. Be5 {[%emt 0:00:22]} Nb3 {[%emt 0:00:16]} 25. Rd1 {[%emt 0:00:16]} Kf7 {[%emt 0:00:13]} 26. Nf4 {[%emt 0:00:21]} Bxe5 {[%emt 0:00:03]} 27. dxe5 {[%emt 0:00:03]} Red8 {[%emt 0:00:01]} 28. Re1 {[%emt 0:00:11]} Rc1 {[%emt 0:00:16]} 29. Kf1 {[%emt 0:00:03]} Rdd1 {[%emt 0:00:41]} 30. Rxd1 {[%emt 0:00:05]} Rxd1+ {[%emt 0:00:01]} 31. Ke2 {[%emt 0:00:02]} Rd4 {[%emt 0:00:23]} 32. Ke3 {[%emt 0:00:26]} g5 {[%emt 0:00:16]} 33. Nh5 {[%emt 0:00:13]} f4+ {[%emt 0:00:21]} 34. Kf3 {[%emt 0:00:04]} Kg6 {[%emt 0:00:03]} 35. g4 {[%emt 0:00:05]} Rd1 {[%emt 0:00:09]} 36. a4 {[%emt 0:00:05]} a5 {[%emt 0:00:06]} 37. Ra3 {[%emt 0:00:03]} Nd4+ {[%emt 0:00:03]} 38. Kg2 {[%emt 0:00:07]} Re1 {[%emt 0:00:05]} 39. Rd3 {[%emt 0:00:06]} Nc6 {[%emt 0:00:06]} 40. Rd6 {[%emt 0:00:03]} Nxe5 {[%emt 0:00:02]} 41. Rxe6+ {[%emt 0:00:02]} Kf7 {[%emt 0:00:01]} 42. Rxh6 {[%emt 0:00:06]} Nxg4 {[%emt 0:00:09]} 43. Rxb6 {[%emt 0:00:02]} Ra1 {[%emt 0:00:07]} 44. Rb5 {[%emt 0:00:06]} Kg6 {[%emt 0:00:02]} 45. Nxf4+ {[%emt 0:00:08]} gxf4 {[%emt 0:00:01]} 46. Rxa5 {[%emt 0:00:02]} Rb1 {[%emt 0:00:14]} 47. Kf3 {[%emt 0:00:09]} Nxh2+ {[%emt 0:00:02]} 48. Kxf4 {[%emt 0:00:02]} Rxb2 {[%emt 0:00:01]} 49. Kg3 {[%emt 0:00:08]} Nf1+ {[%emt 0:00:02]} 50. Kf3 {[%emt 0:00:04]} Nd2+ {[%emt 0:00:02]} 51. Kg2 {[%emt 0:00:07]} Ne4 {[%emt 0:00:04]} 52. Kf3 {[%emt 0:00:06]} Nxf2 {[%emt 0:00:04]} 53. Rb5 {[%emt 0:00:06]} Ra2 {[%emt 0:00:03]} 54. a5 {[%emt 0:00:03]} Kf6 {[%emt 0:00:02]} 55. a6 {[%emt 0:00:08]} Nd1 {[%emt 0:00:12]} 56. Rb6+ {[%emt 0:00:05]} Ke5 {[%emt 0:00:02]} 57. Rh6 {[%emt 0:00:06]} Nc3 {[%emt 0:00:02]} 58. Ke3 {[%emt 0:00:03]} Nd5+ {[%emt 0:00:07]} 59. Kd3 {[%emt 0:00:03]} Nf6 {[%emt 0:00:05]} 60. Kc4 {[%emt 0:00:08]} Rxa6 {[%emt 0:00:02]} 61. Kb5 {[%emt 0:00:02]} Ra1 {[%emt 0:00:04]} 62. Rh2 {[%emt 0:00:05]} Rb1+ {[%emt 0:00:06]} 63. Kc4 {[%emt 0:00:05]} Rc1+ {[%emt 0:00:01]} 64. Kb3 {[%emt 0:00:03]} Ne4 {[%emt 0:00:02]} 65. Rh8 {[%emt 0:00:04]} Kd5 {[%emt 0:00:06]} 66. Rd8+ {[%emt 0:00:03]} Nd6 {[%emt 0:00:07]} 67. Kb2 {[%emt 0:00:03]} Rc6 {[%emt 0:00:03]} 68. Kb3 {[%emt 0:00:02]} Kd4 {[%emt 0:00:03]} 69. Kb2 {[%emt 0:00:06]} Kd3 {[%emt 0:00:02]} 70. Rb8 {[%emt 0:00:15]} Nf5 {[%emt 0:00:16]} 71. Rd8+ {[%emt 0:00:04]} Nd4 {[%emt 0:00:01]} 72. Rb8 {[%emt 0:00:01]} Rc2+ {[%emt 0:00:10]} 73. Kb1 {[%emt 0:00:02]} Rh2 {[%emt 0:00:04]} 74. Rd8 {[%emt 0:00:09]} Kc3 {[%emt 0:00:12]} 75. Rc8+ {[%emt 0:00:06]} Kd3 {[%emt 0:00:05]} 76. Rd8 {[%emt 0:00:03]} Rg2 {[%emt 0:00:01]} 77. Kc1 {[%emt 0:00:12]} Rg7 {[%emt 0:00:08]} 78. Rb8 {[%emt 0:00:05]} Rg1+ {[%emt 0:00:10]} 79. Kb2 {[%emt 0:00:03]} Rg2+ {[%emt 0:00:01]} 80. Kb1 {[%emt 0:00:02]} Ne2 {[%emt 0:00:10]} 81. Rd8+ {[%emt 0:00:04]} Nd4 {[%emt 0:00:10]} 82. Rb8 {[%emt 0:00:02]} Rh2 {[%emt 0:00:05]} 83. Rd8 {[%emt 0:00:07]} 1/2-1/2

[Event "European Online Club-ch-E 2021"]
[Site "Online"]
[Date "2021.03.27"]
[Round "5.15"]
[White "Kukk, Sander"]
[Black "Kocyigit, Buse Naz"]
[Result "0-1"]
[WhiteElo "2230"]
[BlackElo "2143"]
[Annotator "NA"]
[PlyCount "70"]
[EventDate "2021.03.27"]
[EventType "team-tourn"]
[EventCountry "NET"]
[SourceTitle "playchess.com"]
[Source "ChessBase"]
[SourceQuality "1"]
[TimeControl "900+5"]

1. b3 {[%emt 0:00:00]} Nf6 {[%emt 0:00:07]} 2. Bb2 {[%emt 0:00:02]} g6 {[%emt 0:00:04]} 3. e3 {[%emt 0:00:03]} Bg7 {[%emt 0:00:08]} 4. Nf3 {[%emt 0:00:02]} O-O {[%emt 0:00:08]} 5. d4 {[%emt 0:00:03]} d6 {[%emt 0:00:03]} 6. c4 {[%emt 0:00:04]} e5 {[%emt 0:00:14]} 7. Be2 {[%emt 0:00:23]} e4 {[%emt 0:00:30]} 8. Nfd2 {[%emt 0:00:02]} h5 {[%emt 0:01:00]} 9. h3 {[%emt 0:00:12]} h4 {[%emt 0:00:33]} 10. Nc3 {[%emt 0:00:02]} Re8 {[%emt 0:00:21]} 11. Qc2 {[%emt 0:00:04]} Bf5 {[%emt 0:00:08]} 12. O-O-O {[%emt 0:00:31]} Nc6 {[%emt 0:00:09]} 13. a3 {[%emt 0:00:05]} Qd7 {[%emt 0:04:14]} 14. Nf1 {[%emt 0:01:38]} a5 {[%emt 0:00:43]} 15. g4 {[%emt 0:00:46]} hxg3 {[%emt 0:00:10]} 16. Nxg3 {[%emt 0:00:01]} Bxh3 {[%emt 0:00:25]} 17. Ncxe4 {[%emt 0:00:19]} Nxe4 {[%emt 0:00:17]} 18. Nxe4 {[%emt 0:00:03]} Bg2 {[%emt 0:01:23]} 19. Bd3 {[%emt 0:01:44]} Bxh1 {[%emt 0:00:43]} 20. Rxh1 {[%emt 0:00:00]} a4 {[%emt 0:00:20]} 21. d5 {[%emt 0:00:20]} Ne5 {[%emt 0:00:16]} 22. f4 {[%emt 0:04:52]} axb3 {[%emt 0:00:16]} 23. Qxb3 {[%emt 0:00:09]} Nxd3+ {[%emt 0:00:31]} 24. Qxd3 {[%emt 0:00:00]} Qf5 {[%emt 0:02:02]} 25. Bxg7 {[%emt 0:01:20]} Kxg7 {[%emt 0:00:48]} 26. Qc3+ {[%emt 0:00:46]} Kf8 {[%emt 0:00:08]} 27. Ng5 {[%emt 0:00:12]} Ke7 {[%emt 0:00:36]} 28. Rh7 {[%emt 0:00:45]} Rf8 {[%emt 0:00:13]} 29. Ne6 {[%emt 0:00:47]} Rg8 {[%emt 0:00:31]} 30. Kb2 {[%emt 0:01:18]} g5 {[%emt 0:00:17]} 31. Rh5 {[%emt 0:00:26]} fxe6 {[%emt 0:00:05]} 32. dxe6 {[%emt 0:00:24]} Qf6 {[%emt 0:00:07]} 33. Rh7+ {[%emt 0:00:09]} Kxe6 {[%emt 0:00:01]} 34. f5+ {[%emt 0:00:04]} Kxf5 {[%emt 0:00:02]} 35. e4+ {[%emt 0:00:07]} Ke6 {[%emt 0:00:01]} 0-1

[Event "European Online Club-ch-E 2021"]
[Site "Online"]
[Date "2021.03.27"]
[Round "5.16"]
[White "Ince, Safiye Oyku"]
[Black "Valner, Uku"]
[Result "0-1"]
[WhiteElo "1995"]
[BlackElo "2296"]
[Annotator "NA"]
[PlyCount "132"]
[EventDate "2021.03.27"]
[EventType "team-tourn"]
[EventCountry "NET"]
[SourceTitle "playchess.com"]
[Source "ChessBase"]
[SourceQuality "1"]
[TimeControl "900+5"]

1. e4 {[%emt 0:00:00]} e6 {[%emt 0:00:03]} 2. d4 {[%emt 0:00:03]} d5 {[%emt 0:00:01]} 3. Nd2 {[%emt 0:00:01]} c6 {[%emt 0:00:04]} 4. Ngf3 {[%emt 0:00:25]} dxe4 {[%emt 0:00:33]} 5. Nxe4 {[%emt 0:00:04]} Nd7 {[%emt 0:00:03]} 6. Bd3 {[%emt 0:00:19]} Ngf6 {[%emt 0:00:03]} 7. Bg5 {[%emt 0:00:08]} Be7 {[%emt 0:00:03]} 8. Nxf6+ {[%emt 0:00:18]} Nxf6 {[%emt 0:00:14]} 9. c3 {[%emt 0:00:47]} Nd5 {[%emt 0:01:20]} 10. Bxe7 {[%emt 0:00:59]} Qxe7 {[%emt 0:00:05]} 11. O-O {[%emt 0:00:05]} O-O {[%emt 0:00:22]} 12. Ne5 {[%emt 0:01:23]} Nf4 {[%emt 0:01:09]} 13. Be4 {[%emt 0:01:13]} c5 {[%emt 0:02:11]} 14. Qf3 {[%emt 0:01:22]} Ng6 {[%emt 0:00:29]} 15. Rad1 {[%emt 0:01:54]} cxd4 {[%emt 0:01:01]} 16. cxd4 {[%emt 0:00:17]} Rb8 {[%emt 0:01:23]} 17. Rfe1 {[%emt 0:00:56]} Rd8 {[%emt 0:02:32]} 18. Bxg6 {[%emt 0:01:52]} hxg6 {[%emt 0:00:00]} 19. d5 {[%emt 0:00:04]} Qf6 {[%emt 0:01:34]} 20. Qg3 {[%emt 0:00:36]} Ra8 {[%emt 0:01:04]} 21. d6 {[%emt 0:01:26]} Bd7 {[%emt 0:00:45]} 22. Rd3 {[%emt 0:00:05]} Bc6 {[%emt 0:00:06]} 23. Nxc6 {[%emt 0:01:38]} bxc6 {[%emt 0:00:00]} 24. d7 {[%emt 0:00:15]} Qxb2 {[%emt 0:00:14]} 25. Qc7 {[%emt 0:00:05]} Qb6 {[%emt 0:00:51]} 26. Qf4 {[%emt 0:00:27]} a5 {[%emt 0:00:20]} 27. Red1 {[%emt 0:00:04]} Ra7 {[%emt 0:00:16]} 28. Qg5 {[%emt 0:00:20]} a4 {[%emt 0:00:23]} 29. Qe7 {[%emt 0:00:07]} Raa8 {[%emt 0:00:07]} 30. Rh3 {[%emt 0:00:04]} Qb5 {[%emt 0:00:07]} 31. g3 {[%emt 0:00:05]} Qf5 {[%emt 0:00:04]} 32. Kg2 {[%emt 0:00:05]} g5 {[%emt 0:00:05]} 33. Qd6 {[%emt 0:00:06]} g6 {[%emt 0:00:05]} 34. f3 {[%emt 0:00:03]} Ra5 {[%emt 0:00:04]} 35. Qxc6 {[%emt 0:00:06]} Rd5 {[%emt 0:00:03]} 36. Rxd5 {[%emt 0:00:03]} Qxd5 {[%emt 0:00:03]} 37. Qxd5 {[%emt 0:00:04]} exd5 {[%emt 0:00:02]} 38. f4 {[%emt 0:00:02]} gxf4 {[%emt 0:00:03]} 39. gxf4 {[%emt 0:00:01]} Rxd7 {[%emt 0:00:00]} 40. Ra3 {[%emt 0:00:02]} Ra7 {[%emt 0:00:02]} 41. Kf2 {[%emt 0:00:02]} f6 {[%emt 0:00:05]} 42. Ke3 {[%emt 0:00:03]} Kf7 {[%emt 0:00:00]} 43. Kd4 {[%emt 0:00:06]} Ke6 {[%emt 0:00:02]} 44. Rg3 {[%emt 0:00:06]} Kf5 {[%emt 0:00:13]} 45. Kxd5 {[%emt 0:00:05]} Rd7+ {[%emt 0:00:02]} 46. Kc4 {[%emt 0:00:12]} Rd2 {[%emt 0:00:00]} 47. Ra3 {[%emt 0:00:11]} Rxh2 {[%emt 0:00:09]} 48. Rxa4 {[%emt 0:00:02]} Kxf4 {[%emt 0:00:01]} 49. Kd5+ {[%emt 0:00:03]} Kg5 {[%emt 0:00:05]} 50. Ra5 {[%emt 0:00:13]} f5 {[%emt 0:00:02]} 51. Ke6 {[%emt 0:00:02]} Rb2 {[%emt 0:00:27]} 52. a4 {[%emt 0:00:08]} Rb6+ {[%emt 0:00:02]} 53. Ke5 {[%emt 0:00:04]} f4 {[%emt 0:00:07]} 54. Ke4+ {[%emt 0:00:04]} Kg4 {[%emt 0:00:02]} 55. Ra8 {[%emt 0:00:08]} Re6+ {[%emt 0:00:04]} 56. Kd5 {[%emt 0:00:03]} Re1 {[%emt 0:00:03]} 57. Rg8 {[%emt 0:00:02]} g5 {[%emt 0:00:02]} 58. a5 {[%emt 0:00:02]} Ra1 {[%emt 0:00:02]} 59. Ra8 {[%emt 0:00:03]} f3 {[%emt 0:00:01]} 60. Rf8 {[%emt 0:00:12]} Rxa5+ {[%emt 0:00:04]} 61. Ke4 {[%emt 0:00:01]} Ra4+ {[%emt 0:00:04]} 62. Ke3 {[%emt 0:00:01]} Ra3+ {[%emt 0:00:02]} 63. Kf2 {[%emt 0:00:02]} Ra2+ {[%emt 0:00:01]} 64. Ke3 {[%emt 0:00:01]} Re2+ {[%emt 0:00:02]} 65. Kd3 {[%emt 0:00:04]} Re7 {[%emt 0:00:02]} 66. Kd2 {[%emt 0:00:03]} Kg3 {[%emt 0:00:02]} 0-1

[Event "European Online Club-ch-E 2021"]
[Site "Online"]
[Date "2021.03.27"]
[Round "5.17"]
[White "Dedebas, Emre Emin"]
[Black "Kanakaris, Georgios"]
[Result "1/2-1/2"]
[WhiteElo "2335"]
[BlackElo "2400"]
[Annotator "NA"]
[PlyCount "61"]
[EventDate "2021.03.27"]
[EventType "team-tourn"]
[EventCountry "NET"]
[SourceTitle "playchess.com"]
[Source "ChessBase"]
[SourceQuality "1"]
[TimeControl "900+5"]

1. d4 {[%emt 0:00:00]} Nf6 {[%emt 0:00:06]} 2. Bf4 {[%emt 0:00:17]} e6 {[%emt 0:00:03]} 3. e3 {[%emt 0:00:04]} c5 {[%emt 0:00:14]} 4. c3 {[%emt 0:00:24]} Nc6 {[%emt 0:00:17]} 5. Nd2 {[%emt 0:00:09]} d5 {[%emt 0:00:05]} 6. Ngf3 {[%emt 0:00:03]} cxd4 {[%emt 0:00:24]} 7. exd4 {[%emt 0:00:04]} Nh5 {[%emt 0:00:03]} 8. Be3 {[%emt 0:01:16]} Bd6 {[%emt 0:00:09]} 9. Ne5 {[%emt 0:00:36]} g6 {[%emt 0:00:45]} 10. Be2 {[%emt 0:00:51]} Ng7 {[%emt 0:01:14]} 11. Nd3 {[%emt 0:00:06]} f6 {[%emt 0:04:25]} 12. f4 {[%emt 0:05:28]} Nf5 {[%emt 0:00:52]} 13. Bf2 {[%emt 0:00:04]} h5 {[%emt 0:00:03]} 14. Bf3 {[%emt 0:00:54]} Qc7 {[%emt 0:00:26]} 15. g3 {[%emt 0:00:11]} Bd7 {[%emt 0:00:12]} 16. Nb3 {[%emt 0:01:42]} b6 {[%emt 0:03:27]} 17. Qe2 {[%emt 0:01:24]} Kf7 {[%emt 0:00:22]} 18. O-O {[%emt 0:00:21]} a5 {[%emt 0:00:08]} 19. Rac1 {[%emt 0:00:44]} a4 {[%emt 0:00:24]} 20. Nd2 {[%emt 0:00:03]} Na5 {[%emt 0:00:06]} 21. Rfe1 {[%emt 0:01:07]} Rae8 {[%emt 0:00:08]} 22. b3 {[%emt 0:00:02]} Ba3 {[%emt 0:00:06]} 23. Rc2 {[%emt 0:00:14]} Bb5 {[%emt 0:00:27]} 24. c4 {[%emt 0:00:22]} Ba6 {[%emt 0:00:10]} 25. Nb1 {[%emt 0:00:12]} axb3 {[%emt 0:00:26]} 26. axb3 {[%emt 0:00:02]} Nxb3 {[%emt 0:00:49]} 27. cxd5 {[%emt 0:00:11]} Qd6 {[%emt 0:00:02]} 28. dxe6+ {[%emt 0:00:07]} Kg7 {[%emt 0:00:24]} 29. Qe4 {[%emt 0:00:19]} Nbxd4 {[%emt 0:00:10]} 30. Rd2 {[%emt 0:00:01]} Nxf3+ {[%emt 0:00:15]} 31. Qxf3 {[%emt 0:00:02]} 1/2-1/2

[Event "European Online Club-ch-E 2021"]
[Site "Online"]
[Date "2021.03.27"]
[Round "5.18"]
[White "Stefanou, Dimitrios"]
[Black "Ozenir, Ekin Baris"]
[Result "0-1"]
[WhiteElo "2099"]
[BlackElo "2309"]
[Annotator "NA"]
[PlyCount "92"]
[EventDate "2021.03.27"]
[EventType "team-tourn"]
[EventCountry "NET"]
[SourceTitle "playchess.com"]
[Source "ChessBase"]
[SourceQuality "1"]
[TimeControl "900+5"]

1. c4 {[%emt 0:00:00]} e5 {[%emt 0:00:09]} 2. Nc3 {[%emt 0:00:07]} Nc6 {[%emt 0:00:05]} 3. Nf3 {[%emt 0:00:04]} g6 {[%emt 0:00:24]} 4. d4 {[%emt 0:00:04]} exd4 {[%emt 0:01:01]} 5. Nxd4 {[%emt 0:00:03]} Bg7 {[%emt 0:00:08]} 6. Nxc6 {[%emt 0:00:03]} bxc6 {[%emt 0:00:03]} 7. g3 {[%emt 0:00:02]} Ne7 {[%emt 0:00:10]} 8. Bg2 {[%emt 0:00:08]} O-O {[%emt 0:00:04]} 9. O-O {[%emt 0:00:06]} d6 {[%emt 0:00:33]} 10. Bg5 {[%emt 0:00:10]} Bd7 {[%emt 0:01:31]} 11. Qd2 {[%emt 0:00:10]} f6 {[%emt 0:01:47]} 12. Bh6 {[%emt 0:01:45]} Rb8 {[%emt 0:00:27]} 13. Bxg7 {[%emt 0:00:18]} Kxg7 {[%emt 0:00:02]} 14. Rad1 {[%emt 0:00:08]} c5 {[%emt 0:00:21]} 15. b3 {[%emt 0:00:59]} Qe8 {[%emt 0:01:29]} 16. e3 {[%emt 0:02:45]} Bc6 {[%emt 0:00:59]} 17. Nd5 {[%emt 0:00:21]} Nxd5 {[%emt 0:00:34]} 18. cxd5 {[%emt 0:00:08]} Bd7 {[%emt 0:01:11]} 19. Rfe1 {[%emt 0:02:00]} Rb4 {[%emt 0:00:32]} 20. Rb1 {[%emt 0:01:52]} Qb8 {[%emt 0:01:06]} 21. Qc3 {[%emt 0:00:31]} Re8 {[%emt 0:00:50]} 22. e4 {[%emt 0:00:34]} Rd4 {[%emt 0:01:02]} 23. a3 {[%emt 0:00:12]} Qb6 {[%emt 0:00:50]} 24. b4 {[%emt 0:01:21]} Rb8 {[%emt 0:00:46]} 25. Rbc1 {[%emt 0:01:39]} cxb4 {[%emt 0:00:32]} 26. Qxc7 {[%emt 0:00:02]} Rb7 {[%emt 0:00:06]} 27. Qxb6 {[%emt 0:00:03]} axb6 {[%emt 0:00:01]} 28. axb4 {[%emt 0:00:07]} Rxb4 {[%emt 0:00:03]} 29. Re2 {[%emt 0:00:40]} b5 {[%emt 0:00:26]} 30. Rec2 {[%emt 0:00:23]} Kh6 {[%emt 0:00:05]} 31. f4 {[%emt 0:00:06]} Ra4 {[%emt 0:00:07]} 32. Kf2 {[%emt 0:00:23]} b4 {[%emt 0:00:02]} 33. Rb2 {[%emt 0:00:09]} b3 {[%emt 0:00:03]} 34. Ke3 {[%emt 0:00:14]} Rab4 {[%emt 0:00:08]} 35. Rc3 {[%emt 0:00:03]} Ba4 {[%emt 0:00:03]} 36. Bf3 {[%emt 0:00:03]} R7b5 {[%emt 0:00:06]} 37. Bd1 {[%emt 0:00:05]} Rc5 {[%emt 0:00:05]} 38. Rxc5 {[%emt 0:00:03]} dxc5 {[%emt 0:00:02]} 39. e5 {[%emt 0:00:14]} fxe5 {[%emt 0:00:01]} 40. fxe5 {[%emt 0:00:02]} Kg5 {[%emt 0:00:02]} 41. d6 {[%emt 0:00:03]} Kf5 {[%emt 0:00:04]} 42. Bxb3 {[%emt 0:00:10]} Kxe5 {[%emt 0:00:17]} 43. d7 {[%emt 0:00:05]} Bxd7 {[%emt 0:00:02]} 44. Rb1 {[%emt 0:00:03]} Bf5 {[%emt 0:00:03]} 45. Rc1 {[%emt 0:00:09]} Rxb3+ {[%emt 0:00:02]} 46. Kf2 {[%emt 0:00:02]} Kd4 {[%emt 0:00:02]} 0-1